Quantitative aptitude for competitive examinations / (Record no. 75847)

MARC details
000 -LEADER
fixed length control field 00561nam a22001817a 4500
005 - DATE AND TIME OF LATEST TRANSACTION
control field 20130528120126.0
010 ## - LCCN (DPL NO)
LC control number ENG-107211
020 ## - INTERNATIONAL STANDARD BOOK NUMBER
International Standard Book Number 9788183714631
Terms of availability 410.00
035 ## - SYSTEM CONTROL NUMBER
System control number EN-90744
037 ## - SOURCE OF ACQUISITION
Source of stock number/acquisition DBAD/PUB
082 ## - DEWEY DECIMAL CLASSIFICATION NUMBER
Classification number 000
100 ## - MAIN ENTRY--PERSONAL NAME
Personal name Rao, Udayagiri Mohan
245 00 - TITLE STATEMENT
Title Quantitative aptitude for competitive examinations /
Statement of responsibility, etc by Udayagiri Mohan Rao
260 ## - PUBLICATION, DISTRIBUTION, ETC. (IMPRINT)
Place of publication, distribution, etc Chennai
Name of publisher, distributor, etc Scitech Publications
Date of publication, distribution, etc 2012
270 ## - ADDRESS
Address 7/3C, Madley Road, T. Nagar
City Chennai
Postal code 600017
300 ## - PHYSICAL DESCRIPTION
Extent various pagings
Dimensions 22cm(pbk)
942 ## - ADDED ENTRY ELEMENTS (KOHA)
Source of classification or shelving scheme Dewey Decimal Classification
Item type English Books
Call number suffix RAO
Classification part 000
Holdings
Withdrawn status Lost status Not for loan Collection code Home library Current library Date acquired Source of acquisition Cost, normal purchase price Full call number Barcode Copy number Cost, replacement price Koha item type
      Non-fiction Bawana Bawana 21/05/2013 DBAD/PUB 410.00 000 RAO EN-90744 1 410.00 English Books

© Delhi Public Library
Hit Counter
free hit counter